Jeux Olympiques 2004 - Pays participants - Statistiques

Statistiques générales
  • Ce quiz a été pris 19 fois
  • Le résultat moyen est 138 sur 194
Réponses sur la Carte
Les réponses sont colorées sur une échelle allant du rouge au vert en fonction du pourcentage des utilisateurs qui les ont devinées à leur premier essai. Vous pouvez retrouver ces pourcentages ci-dessous.
 
Statistiques - réponses
Nombre d'athlètes Pays % Correct
63 Algérie
100%
479 Allemagne
100%
62 Belgique
100%
92 Danemark
100%
96 Egypte
100%
316 Espagne
100%
62 Finlande
100%
317 France
100%
441 Grèce
100%
52 Irlande
100%
403 Italie
100%
33 Moldavie
100%
52 Norvège
100%
219 Pays-Bas
100%
208 Pologne
100%
91 Portugal
100%
259 Royaume-Uni
100%
456 Russie
100%
115 Suède
100%
98 Suisse
100%
239 Ukraine
100%
106 Afrique du Sud
92%
07 Albanie
92%
156 Argentine
92%
482 Australie
92%
92 Autriche
92%
151 Biélorussie
92%
09 Bosnie-Herzégovine
92%
247 Brési
92%
262 Canada
92%
56 Chili
92%
83 Croatie
92%
536 Etats-Unis
92%
219 Hongrie
92%
26 Islande
92%
08 Madagascar
92%
55 Maroc
92%
109 Mexique
92%
108 Roumanie
92%
79 Slovénie
92%
54 Tunisie
92%
16 Arabie Saoudite
85%
165 Bulgarie
85%
407 Chine
85%
51 Colombie
85%
264 Corée du Sud
85%
05 Côte d'Ivoire
85%
151 Cuba
85%
17 Equateur
85%
44 Estonie
85%
73 Inde
85%
312 Japon
85%
35 Lettonie
85%
59 Lituanie
85%
10 Luxembourg
85%
10 Macédoine du Nord
85%
07 Malte
85%
20 Mongolie
85%
04 Panama
85%
09 Pérou
85%
142 République tchèque
85%
53 Turquie
85%
48 Venezuela
85%
08 Andorre
77%
07 Bolivie
77%
36 Corée du Nord
77%
04 Emirats arabes unis
77%
04 Erythrée
77%
28 Ethiopie
77%
04 Guyana
77%
38 Indonésie
77%
37 Iran
77%
08 Libye
77%
23 Mali
77%
04 Niger
77%
70 Nigeria
77%
148 Nouvelle-Zélande
77%
22 Paraguay
77%
16 Philippines
77%
04 République démocratique du Congo
77%
05 République du Congo
77%
16 Sénégal
77%
85 Serbie-et-Monténégro
77%
64 Slovaquie
77%
02 Somalie
77%
04 Soudan
77%
02 Tchad
77%
42 Thaïlande
77%
15 Uruguay
77%
03 Afghanistan
69%
31 Angola
69%
02 Belize
69%
17 Cameroun
69%
20 Chypre
69%
03 Comores
69%
18 Guatemala
69%
03 Guinée
69%
02 Guinée équatoriale
69%
25 Irak
69%
38 Israël
69%
47 Jamaïque
69%
08 Jordanie
69%
05 Laos
69%
03 Monaco
69%
02 Oman
69%
04 Papouasie-Nouvelle-Guinée
69%
09 Seychelles
69%
04 Suriname
69%
09 Turkménistan
69%
19 Arménie
62%
36 Azerbaidjan
62%
41 Bahamas
62%
04 Bangladesh
62%
04 Bénin
62%
02 Birmanie
62%
01 Brunei
62%
05 Burkina Faso
62%
04 Cambodge
62%
20 Costa Rica
62%
02 Djibouti
62%
10 Fidji
62%
02 Gambie
62%
372 Géorgie
62%
29 Ghana
62%
03 Guinée-Bissau
62%
08 Haïti
62%
114 Kazakhstan
62%
11 Kirghizistan
62%
08 Liban
62%
01 Liechtenstein
62%
26 Malaisie
62%
02 Mauritanie
62%
06 Népa
62%
05 Nicaragua
62%
70 Ouzbékistan
62%
26 Pakistan
62%
22 Qatar
62%
05 Saint-Marin
62%
08 Salvador
62%
02 Sierra Leone
62%
08 Sri Lanka
62%
06 Syrie
62%
08 Tanzanie
62%
03 Togo
62%
11 Vietnam
62%
03 Yémen
62%
06 Bahreïn
54%
02 Bhoutan
54%
07 Burundi
54%
03 Cap-Vert
54%
05 Honduras
54%
46 Kenya
54%
29 Koweït
54%
03 Lesotho
54%
02 Liberia
54%
04 Mozambique
54%
11 Ouganda
54%
33 République dominicaine
54%
05 Rwanda
54%
09 Tadjikistan
54%
87 Taïwan
54%
19 Trinite-et-Tobago
54%
11 Botswana
46%
02 Dominique
46%
06 Gabon
46%
05 Grenade
46%
03 Kiribati
46%
04 Malawi
46%
04 Maldives
46%
09 Maurice
46%
08 Namibie
46%
04 République Centrafricaine
46%
02 Saint-Christophe-et-Niévès
46%
02 Sainte-Lucie
46%
03 Saint-Vincent-et-les-Grenadines
46%
02 Sao Tomé-et-Principe
46%
16 Singapour
46%
03 Swaziland
46%
02 Timor oriental
46%
06 Zambie
46%
13 Zimbabwe
46%
10 Barbade
38%
05 Micronésie
38%
03 Nauru
38%
04 Palaos
38%
03 Palestine
38%
02 Salomon
38%
03 Samoa
38%
05 Tonga
38%
02 Vanuatu
38%
09 Antigua-et-Barbuda
31%
Aucun quiz correspondant
Distribution des résultats
% des personnes avec chaque résultat
Percentile par nombre de réponses
Votre historique - résultats
Vous n’avez pas pris ce quiz